00349 a2200109 4500001001000000005001700010008004100027245005100068100002600119773007700145999001700222ART_1382520260410161911.0260409a 10aNotas sobre polos de desarrollo y transición1 aCoraggio, José Luis0 tDemografía y economíag- Vol. XVI, Nº 49 (ene./mar. 1982)wREV13200 c26785d26785